000 00434nam a2200169Ia 4500
008 090711s9999 xx 000 0 und d
082 _b75164
100 _aशिरवळकर सुहास
245 _aझलक
260 _c1995
300 _a108
600 _aशिरवळकर सुहास
630 _aझलक
700 _aशिरवळकर सुहास
730 _aझलक
942 _cBOOK
999 _c295441
_d295441